Our planet Earth (Record no. 183779)

000 -LEADER
fixed length control field 00499 a2200169 4500
003 - CONTROL NUMBER IDENTIFIER
control field Nust
005 - DATE AND TIME OF LATEST TRANSACTION
control field 20221013160955.0
020 ## - INTERNATIONAL STANDARD BOOK NUMBER
International Standard Book Number 0600580245
040 ## - CATALOGING SOURCE
Transcribing agency Nust
082 ## - DEWEY DECIMAL CLASSIFICATION NUMBER
Classification number 551,DUR
245 ## - TITLE STATEMENT
Title Our planet Earth
Remainder of title Question and Answer
260 ## - PUBLICATION, DISTRIBUTION, ETC.
Place of publication, distribution, etc. Madrid
Name of publisher, distributor, etc. Heinemann
Date of publication, distribution, etc. 1993.
300 ## - PHYSICAL DESCRIPTION
Extent 48:p
505 ## - FORMATTED CONTENTS NOTE
Formatted contents note The Earth as A Planet (Page-4), Changing Earth (Page-14), Wither , Land And Resources (Page-22), Life On Earth (Page-36).
650 ## - SUBJECT ADDED ENTRY--TOPICAL TERM
Topical term or geographic name entry element Our planet Earth
9 (RLIN) 100227
942 ## - ADDED ENTRY ELEMENTS (KOHA)
Source of classification or shelving scheme
Koha item type Book
Holdings
Withdrawn status Lost status Source of classification or shelving scheme Damaged status Not for loan Permanent Location Current Location Shelving location Date acquired Full call number Barcode Date last seen Price effective from Koha item type Public note
          Military College of Signals (MCS) Military College of Signals (MCS) General Stacks 12/12/2016 551,OUR MCS27105 12/08/2016 12/12/2016 Book Almirah No.25, Shelf No.5
© 2023 Central Library, National University of Sciences and Technology. All Rights Reserved.